000 00637nam a2200217Ii 4500
001 8067
003 CO-ViMGA
008 241108s9999||||xx |||||||||||||| ||und||
020 _a9586122549
040 _aCO-ViMGA
_bspa
_erda
_cCO-ViMGA
041 0 _aunk
082 0 4 _aC863.44-M489
100 1 _aEfraín Medina Reyes
_954278
245 1 0 _aCinema árbol y otros cuentos
264 1 _a[Lugar de publicación no identificado] : Tercer Mundo, 1996
300 _avolumen
336 _atext
_btxt
_2rdacontent
337 _aunmediated
_bn
_2rdamedia
338 _avolume
_bnc
_2rdacarrier
940 _aidficha_siabuc: 7889. -- ficha_no_siabuc:8067
999 _c51205
_d51205